<?xml version="1.0" encoding="UTF-8"?>
<record
    xmlns:xsi="http://www.w3.org/2001/XMLSchema-instance"
    xsi:schemaLocation="http://www.loc.gov/MARC21/slim http://www.loc.gov/standards/marcxml/schema/MARC21slim.xsd"
    xmlns="http://www.loc.gov/MARC21/slim">

  <leader>00832cam a2200217 a 4500</leader>
  <datafield tag="999" ind1=" " ind2=" ">
    <subfield code="c">57989</subfield>
    <subfield code="d">57989</subfield>
  </datafield>
  <controlfield tag="001">17084025</controlfield>
  <controlfield tag="005">20221114122237.0</controlfield>
  <controlfield tag="008">111214s2012    nyu      b    001 0 eng  </controlfield>
  <datafield tag="020" ind1=" " ind2=" ">
    <subfield code="a">9780415528559x</subfield>
  </datafield>
  <datafield tag="041" ind1=" " ind2=" ">
    <subfield code="a">eng</subfield>
  </datafield>
  <datafield tag="080" ind1=" " ind2=" ">
    <subfield code="a">327 th-44</subfield>
  </datafield>
  <datafield tag="245" ind1="0" ind2="4">
    <subfield code="a">The European Union as a global conflict manager /</subfield>
    <subfield code="c">edited by Richard G. Whitman and Stefan Wolff.</subfield>
  </datafield>
  <datafield tag="264" ind1=" " ind2=" ">
    <subfield code="a">New York :</subfield>
    <subfield code="b">Routledge,</subfield>
    <subfield code="c">2012.</subfield>
  </datafield>
  <datafield tag="300" ind1=" " ind2=" ">
    <subfield code="a">253 p. ;</subfield>
    <subfield code="c">26 cm.</subfield>
  </datafield>
  <datafield tag="653" ind1=" " ind2=" ">
    <subfield code="a">&#x10D4;&#x10D5;&#x10E0;&#x10DD;&#x10D9;&#x10D0;&#x10D5;&#x10E8;&#x10D8;&#x10E0;&#x10D8;, &#x10E0;&#x10DD;&#x10D2;&#x10DD;&#x10E0;&#x10EA; &#x10D2;&#x10DA;&#x10DD;&#x10D1;&#x10D0;&#x10DA;&#x10E3;&#x10E0;&#x10D8; &#x10D9;&#x10DD;&#x10DC;&#x10E4;&#x10DA;&#x10D8;&#x10E5;&#x10E2;&#x10D8;&#x10E1; &#x10DB;&#x10D4;&#x10DC;&#x10D4;&#x10EF;&#x10D4;&#x10E0;&#x10D8;</subfield>
  </datafield>
  <datafield tag="653" ind1=" " ind2=" ">
    <subfield code="a">&#x10DE;&#x10DD;&#x10DA;&#x10D8;&#x10E2;&#x10D8;&#x10D9;&#x10D0;</subfield>
  </datafield>
  <datafield tag="653" ind1=" " ind2=" ">
    <subfield code="a">&#x10E1;&#x10D0;&#x10DB;&#x10D0;&#x10E0;&#x10D7;&#x10D0;&#x10DA;&#x10D8;</subfield>
  </datafield>
  <datafield tag="700" ind1="1" ind2=" ">
    <subfield code="a">Whitman, Richard G.</subfield>
    <subfield code="9">11217</subfield>
    <subfield code="e">&#x10E0;&#x10D4;&#x10D3;&#x10D0;&#x10E5;&#x10E2;&#x10DD;&#x10E0;&#x10D8;</subfield>
  </datafield>
  <datafield tag="700" ind1="1" ind2=" ">
    <subfield code="a">Wolff, Stefan</subfield>
    <subfield code="d"> </subfield>
    <subfield code="9">11218</subfield>
    <subfield code="e">&#x10E0;&#x10D4;&#x10D3;&#x10D0;&#x10E5;&#x10E2;&#x10DD;&#x10E0;&#x10D8;</subfield>
  </datafield>
  <datafield tag="942" ind1=" " ind2=" ">
    <subfield code="2">udc</subfield>
    <subfield code="c">BK</subfield>
  </datafield>
  <datafield tag="952" ind1=" " ind2=" ">
    <subfield code="0">0</subfield>
    <subfield code="1">0</subfield>
    <subfield code="2">udc</subfield>
    <subfield code="4">0</subfield>
    <subfield code="6">327_TH44</subfield>
    <subfield code="7">0</subfield>
    <subfield code="9">90151</subfield>
    <subfield code="a">CPL</subfield>
    <subfield code="b">CPL</subfield>
    <subfield code="c">GEN</subfield>
    <subfield code="d">2021-04-16</subfield>
    <subfield code="g">121.00</subfield>
    <subfield code="o">327 th-44</subfield>
    <subfield code="p">54204</subfield>
    <subfield code="r">2021-04-16</subfield>
    <subfield code="t">54204</subfield>
    <subfield code="w">2021-04-16</subfield>
    <subfield code="y">BK</subfield>
    <subfield code="z">121.00 GEL.</subfield>
  </datafield>
  <datafield tag="952" ind1=" " ind2=" ">
    <subfield code="0">0</subfield>
    <subfield code="1">0</subfield>
    <subfield code="2">udc</subfield>
    <subfield code="4">0</subfield>
    <subfield code="6">327_TH44</subfield>
    <subfield code="7">0</subfield>
    <subfield code="9">90152</subfield>
    <subfield code="a">CPL</subfield>
    <subfield code="b">CPL</subfield>
    <subfield code="c">GEN</subfield>
    <subfield code="d">2021-04-16</subfield>
    <subfield code="g">121.00</subfield>
    <subfield code="o">327 th-44</subfield>
    <subfield code="p">54203</subfield>
    <subfield code="r">2021-04-16</subfield>
    <subfield code="t">54203</subfield>
    <subfield code="w">2021-04-16</subfield>
    <subfield code="y">BK</subfield>
    <subfield code="z">121.00 GEL.</subfield>
  </datafield>
</record>
